书目信息 |
| 题名: |
体育教学方法选用技巧与案例
|
|
| 作者: | 毛振明 , 于素梅 主编 | |
| 分册: | ||
| 出版信息: | 北京 北京师范大学出版社 2009.02 |
|
| 页数: | 185页 | |
| 开本: | 23cm | |
| 丛书名: | 体育教师教育教学能力丛书 | |
| 单 册: | ||
| 中图分类: | G807.04 | |
| 科图分类: | ||
| 主题词: | 体育教学--教学法 , 体育教学 , 教学法 | |
| 电子资源: | ||
| ISBN: | 978-7-303-09783-8 | |
| 000 | 01012oam2 2200289 450 | |
| 001 | 010700065785 | |
| 005 | 20091221092133.44 | |
| 010 | @a978-7-303-09783-8@dCNY22.00 | |
| 100 | @a20090406d2009 em y0chiy0110 ea | |
| 101 | 0 | @achi |
| 102 | @aCN@b110000 | |
| 105 | @ak z 000yy | |
| 106 | @ar | |
| 200 | 1 | @a体育教学方法选用技巧与案例@9ti yu jiao xue fang fa xuan yong ji qiao yu an li@f毛振明,于素梅主编 |
| 210 | @a北京@c北京师范大学出版社@d2009.02 | |
| 215 | @a185页@d23cm | |
| 225 | 2 | @a体育教师教育教学能力丛书 |
| 330 | @a本书分五章,内容包括:以语言传递信息为主的体育教学方法的选用技巧与案例、以直接感知为主的体育教学方法的选用技巧与案例、以身体练习为主的体育教学方法的选用技巧与案例等。 | |
| 461 | 0 | @12001 @a体育教师教育教学能力丛书 |
| 606 | 0 | @a体育教学@x教学法 |
| 606 | 0 | @a体育教学 |
| 606 | 0 | @a教学法 |
| 690 | @aG807.04@v4 | |
| 701 | 0 | @a毛振明@9mao zhen ming@4主编 |
| 701 | 0 | @a于素梅@9yu su mei@4主编 |
| 801 | 0 | @aCN@bRENTIAN@c20091221 |
| 905 | @b20798370-75@dG807.04@e344@f6 | |
| 体育教学方法选用技巧与案例/毛振明,于素梅主编.-北京:北京师范大学出版社,2009.02 |
| 185页;23cm.-(体育教师教育教学能力丛书) |
| ISBN 978-7-303-09783-8:CNY22.00 |
| 本书分五章,内容包括:以语言传递信息为主的体育教学方法的选用技巧与案例、以直接感知为主的体育教学方法的选用技巧与案例、以身体练习为主的体育教学方法的选用技巧与案例等。 |
| ● |
| 相关链接 |
|
|
|
|
正题名:体育教学方法选用技巧与案例
索取号:G807.04/344
 
预约/预借
| 序号 | 登录号 | 条形码 | 馆藏地/架位号 | 状态 | 备注 |
| 1 | 798370 | 207983707 | 第一样本阅览室/ [索取号:G807.04/344] | 在馆 | |
| 2 | 798371 | 207983716 | 第四借阅区/ [索取号:G807.04/344] | 在馆 | |
| 3 | 798372 | 207983725 | 第四借阅区/ [索取号:G807.04/344] | 在馆 | |
| 4 | 798373 | 207983734 | 第四借阅区/ [索取号:G807.04/344] | 在馆 | |
| 5 | 798374 | 207983743 | 第四借阅区/ [索取号:G807.04/344] | 在馆 | |
| 6 | 798375 | 207983752 | 第四借阅区/ [索取号:G807.04/344] | 在馆 |